Fifa 21 80+ Players - Statistics

General Stats
  • This quiz has been taken 98 times
  • The average score is 171 of 482
Answer Stats
Nation Rating Club Player % Correct
Argentina 93 FC Barcelona Lionel Messi
98%
Argentina 89 Manchester City Sergio Aguero
92%
Algeria 85 Manchester City Riyad Mahrez
85%
Argentina 88 Piemonte Calcio Paulo Dybala
84%
Argentina 87 PSG Angel Di Maria
82%
Argentina 84 Inter Milan Lautaro Martinez
77%
Belgium 91 Manchester City Kevin De Bruyne
75%
Portugal 87 Manchester City Bernardo Silva
74%
Spain 86 Real Sociedad David Silva
74%
England 88 Tottenham Hotspur Harry Kane
74%
Spain 80 Athletic Bilbao Inigo Martinez
74%
Spain 81 Bayern Munich Javi Martinez
74%
Venezuela 81 Atlanta United Josef Martinez
74%
Egypt 90 Liverpool Mohamed Salah
74%
Brazil 85 Chelsea Thiago Silva
74%
Belgium 89 Real Madrid Thibaut Courtois
74%
Belgium 88 Real Madrid Eden Hazard
72%
Brazil 91 PSG Neymar
72%
Belgium 83 Borussia Dortmund Thorgan Hazard
72%
Portugal 92 Piemonte Calcio Cristiano Ronaldo
70%
England 83 Tottenham Hotspur Dele Alli
70%
France 90 PSG Kylian Mbappe
70%
Croatia 87 Real Madrid Luka Modric
69%
Germany 90 FC Barcelona Marc-Andre Ter Stegen
69%
Portugal 87 Manchester United Bruno Fernandes
67%
Brazil 89 Real Madrid Casemiro
67%
Austria 84 Bayern Munich David Alaba
67%
England 86 Leicester City Jamie Vardy
67%
Spain 84 Sevilla FC Jesus Navas
67%
Costa Rica 87 PSG Keylor Navas
67%
Germany 88 Real Madrid Toni Kroos
67%
Brazil 90 Liverpool Alisson
66%
France 86 Real Madrid Raphael Varane
66%
Poland 91 Bayern Munich Robert Lewandowski
66%
Senegal 90 Liverpool Sadio Mane
66%
Spain 89 Real Madrid Sergio Ramos
66%
Argentina 86 Sevilla FC Alejandro Gomez
64%
France 87 FC Barcelona Antoine Griezmann
64%
Brazil 88 Manchester City Ederson
64%
Korea Republic 87 Tottenham Hotspur Heung-Min Son
64%
England 87 Borussia Dortmund Jadon Sancho
64%
England 83 Liverpool Joe Gomez
64%
Uruguay 80 Valencia CF Maxi Gomez
64%
France 88 Chelsea N'Golo Kante
64%
Spain 85 Manchester City Rodri
64%
Canada 81 Bayern Munich Alphonso Davies
62%
Wales 80 Tottenham Hotspur Ben Davies
62%
Denmark 85 Inter Milan Christian Eriksen
62%
Uruguay 80 Getafe CF Damian Suarez
62%
Argentina 83 Inter Miami CF Gonzalo Higuain
62%
France 87 Tottenham Hotspur Hugo Lloris
62%
France 89 Real Madrid Karim Benzema
62%
Uruguay 87 Atletico Madrid Luis Suarez
62%
Ivory Coast 82 Arsenal Nicolas Pepe
62%
Portugal 81 FC Porto Pepe
62%
England 88 Manchester City Raheem Sterling
62%
Germany 86 Bayern Munich Thomas Muller
62%
Germany 85 Chelsea Timo Werner
62%
Netherlands 90 Liverpool Virgil Van Dijk
62%
Scotland 87 Liverpool Andrew Robertson
61%
Brazil 87 Liverpool Fabinho
61%
Germany 85 Chelsea Kai Havertz
61%
Germany 89 Bayern Munich Manuel Neuer
61%
England 85 Manchester United Marcus Rashford
61%
France 86 Manchester United Paul Pogba
61%
England 87 Liverpool Trent Alexander-Arnold
61%
Belgium 85 Napoli Dries Mertens
59%
Norway 84 Borussia Dortmund Erling Haaland
59%
Colombia 82 Everton James Rodriguez
59%
Croatia 83 Chelsea Mateo Kovacic
59%
Bosnia-Herzegovina 85 FC Barcelona Miralem Pjanic
59%
Gabon 87 Arsenal Pierre-Emerick Aubameyang
59%
Serbia 85 Lazio Sergej Milinkovic-Savic
59%
Bosnia-Herzegovina 83 Roma FC Edin Dzeko
57%
Netherlands 85 FC Barcelona Frenkie De Jong
57%
Germany 88 Bayern Munich Joshua Kimmich
57%
Netherlands 80 Sevilla FC Luuk De Jong
57%
Argentina 83 Sevilla FC Marcos Acuna
57%
Germany 86 Borussia Dortmund Mats Hummels
57%
Brazil 87 Liverpool Roberto Firmino
57%
Germany 85 Bayern Munich Serge Gnabry
57%
Chile 80 Inter Milan Alexis Sanchez
56%
Colombia 81 Tottenham Hotspur Davinson Sanchez
56%
Wales 83 Tottenham Hotspur Gareth Bale
56%
Italy 87 Piemonte Calcio Giorgio Chiellini
56%
Armenia 80 Roma FC Henrikh Mkhitaryan
56%
Uruguay 84 Atletico Madrid Jose Maria Gimenez
56%
Denmark 84 Leicester City Kasper Schmeichel
56%
Netherlands 85 Piemonte Calcio Matthijs De Ligt
56%
Belgium 85 Inter Milan Romelu Lukaku
56%
Cameroon 84 Ajax Andre Onana
54%
Spain 86 FC Barcelona Gerard Pique
54%
Cameroon 83 Liverpool Joel Matip
54%
England 80 Manchester City John Stones
54%
Germany 85 Borussia Dortmund Marco Reus
54%
Russia 82 CSKA Moscow Mario Fernandes
54%
Norway 83 Arsenal Martin Odegaard
54%
Argentina 85 PSG Mauro Icardi
54%
France 83 Real Betis Nabil Fekir
54%
Argentina 80 Manchester United Sergio Romero
54%
Montenegro 81 Atletico Madrid Stefan Savic
54%
Ghana 84 Arsenal Thomas Partey
54%
France 83 Arsenal Alexandre Lacazette
52%
France 87 Manchester City Aymeric Laporte
52%
France 81 Manchester City Benjamin Mendy
52%
Italy 87 Lazio Ciro Immobile
52%
England 80 Manchester United Dean Henderson
52%
Uruguay 84 Manchester United Edinson Cavani
52%
France 83 Real Madrid Ferland Mendy
52%
Netherlands 85 Liverpool Georginio Wijnaldum
52%
Italy 85 AC Milan Gianluigi Donnarumma
52%
England 82 Manchester United Harry Maguire
52%
England 86 Liverpool Jordan Henderson
52%
Italy 85 Piemonte Calcio Leonardo Bonucci
52%
Germany 85 Bayern Munich Leroy Sane
52%
France 82 Bayern Munich Lucas Hernandez
52%
Italy 86 PSG Marco Verratti
52%
Brazil 85 PSG Marquinhos
52%
Belgium 80 Guangzhou R&F Mousa Dembele
52%
France 81 Atletico Madrid Moussa Dembele
52%
Guinea 81 Liverpool Naby Keita
52%
France 83 FC Barcelona Ousmane Dembele
52%
Portugal 81 Manchester City Ruben Dias
52%
France 83 FC Barcelona Samuel Umtiti
52%
France 80 AC Milan Theo Hernandez
52%
Spain 85 Liverpool Thiago Alcantara
52%
Germany 82 Borussia Dortmund Emre Can
51%
Uruguay 83 Real Madrid Federico Valverde
51%
Germany 83 Manchester City Ilkay Gundogan
51%
Italy 83 Chelsea Jorginho
51%
Senegal 88 Napoli Kalidou Koulibaly
51%
France 84 Bayern Munich Kingsley Coman
51%
England 85 Manchester City Kyle Walker
51%
Germany 84 Bayern Munich Leon Goretzka
51%
Spain 87 FC Barcelona Sergio Busquets
51%
Chile 83 Inter Milan Arturo Vidal
49%
Croatia 82 Inter Milan Ivan Perisic
49%
Croatia 82 Sevilla FC Ivan Rakitic
49%
Slovenia 91 Atletico Madrid Jan Oblak
49%
Austria 83 RB Leipzig Marcel Sabitzer
49%
Argentina 84 Ajax Nicolas Tagliafico
49%
Albania 83 Lazio Thomas Strakosha
49%
Czech Republic 81 West Ham United Tomas Soucek
49%
Argentina 82 Atletico Madrid Angel Correa
48%
France 85 FC Barcelona Clement Lenglet
48%
Spain 86 Real Madrid Daniel Carvajal
48%
Spain 86 Manchester United David De Gea
48%
Uruguay 85 Cagliari Diego Godin
48%
Serbia 83 Ajax Dusan Tadic
48%
Brazil 83 Manchester City Gabriel Jesus
48%
Morocco 85 Chelsea Hakim Ziyech
48%
Argentina 81 Lazio Joaquin Correa
48%
Spain 86 FC Barcelona Jordi Alba
48%
England 83 Atletico Madrid Kieran Trippier
48%
Italy 85 Napoli Lorenzo Insigne
48%
Brazil 83 Real Madrid Marcelo
48%
Croatia 84 Inter Milan Marcelo Brozovic
48%
Germany 82 Fenerbahce Mesut Ozil
48%
Ivory Coast 83 Crystal Palace Wilfried Zaha
48%
Poland 87 Piemonte Calcio Wojciech Szczesny
48%
Morocco 83 Inter Milan Achraf Hakimi
46%
Brazil 85 Piemonte Calcio Alex Sandro
46%
France 84 Manchester United Anthony Martial
46%
Colombia 83 Atalanta Duvan Zapata
46%
Brazil 84 Manchester City Fernandinho
46%
Belgium 82 Atletico Madrid Yannick Carrasco
46%
Belgium 81 Leicester City Youri Tielemans
46%
Sweden 83 AC Milan Zlatan Ibrahimovic
46%
Belgium 84 Borussia Dortmund Axel Witsel
44%
Argentina 82 Tottenham Hotspur Giovani Lo Celso
44%
Belgium 83 SL Benfica Jan Vertonghen
44%
England 81 Manchester United Luke Shaw
44%
England 80 Chelsea Mason Mount
44%
Portugal 82 Wolves Ruben Neves
44%
Brazil 80 Real Madrid Vinicius Junior
44%
Switzerland 86 Borussia Monchengladbach Yann Sommer
44%
United States 81 Chelsea Christian Pulisic
43%
Colombia 81 Piemonte Calcio Juan Cuadrado
43%
Spain 85 Atletico Madrid Koke
43%
Argentina 82 Sevilla FC Lucas Ocampos
43%
Netherlands 85 Olympique Lyon Memphis Depay
43%
Hungary 85 RB Leipzig Peter Gulacsi
43%
Slovenia 88 Inter Milan Samir Handanovic
43%
Wales 82 Piemonte Calcio Aaron Ramsey
41%
Spain 84 Real Madrid Isco
41%
England 81 Leicester City James Maddison
41%
Portugal 83 Manchester City Joao Cancelo
41%
Brazil 83 FC Barcelona Philippe Coutinho
41%
Mexico 84 Wolves Raul Jimenez
41%
Brazil 81 Everton Richarlison
41%
Belgium 85 Tottenham Hotspur Toby Alderweireld
41%
France 84 AS Monaco Wissam Ben Yedder
41%
Germany 81 Chelsea Antonio Rudiger
39%
France 81 Bayern Munich Benjamin Pavard
39%
Germany 85 Arsenal Bernd Leno
39%
France 83 Inter Miami CF Blaise Matuidi
39%
Spain 80 Atletico Madrid Diego Costa
39%
Brazil 84 Bayern Munich Douglas Costa
39%
Argentina 83 Al-Shabab Ever Banega
39%
Spain 83 Villarreal CF Gerard Moreno
39%
Senegal 84 PSG Idrissa Gueye
39%
England 80 Aston Villa Jack Grealish
39%
France 84 Everton Lucas Digne
39%
Finland 83 Bayer Leverkusen Lukas Hradecky
39%
Denmark 80 Tottenham Hotspur Pierre-Emile Hojbjerg
39%
Belgium 83 Cagliari Radja Nainggolan
39%
Spain 85 Villarreal CF Daniel Parejo
38%
Brazil 81 Manchester United Fred
38%
Switzerland 80 Arsenal Granit Xhaka
38%
Jamaica 80 Bayer Leverkusen Leon Bailey
38%
Slovakia 85 Inter Milan Milan Skriniar
38%
Ukraine 80 Manchester City Oleksandr Zinchenko
38%
Brazil 83 Guangzhou Evergrande Paulinho
38%
Brazil 81 Leeds United Raphinha
38%
Denmark 80 AC Milan Simon Kjaer
38%
Denmark 81 Borussia Dortmund Thomas Delaney
38%
France 80 Bayern Munich Corentin Tolisso
36%
Portugal 82 PSG Danilo Pereira
36%
Portugal 80 Liverpool Diogo Jota
36%
Mexico 81 Atletico Madrid Hector Herrera
36%
Germany 82 Bayern Munich Jerome Boateng
36%
Austria 82 RB Leipzig Konrad Laimer
36%
England 82 Burnley Nick Pope
36%
Germany 84 Bayern Munich Niklas Sule
36%
Portugal 84 Borussia Dortmund Raphael Guerreiro
36%
Portugal 85 Leicester City Ricardo Pereira
36%
Brazil 82 Arsenal Willian
36%
Poland 81 Olympique Marseille Arkadiusz Milik
34%
Spain 84 Chelsea Cesar Azpilicueta
34%
Netherlands 83 Manchester United Donny Van De Beek
34%
Brazil 80 Real Madrid Eder Militao
34%
Brazil 84 Atletico Madrid Felipe
34%
Brazil 83 Sevilla FC Fernando
34%
Portugal 83 Wolves Joao Moutinho
34%
England 81 Everton Jordan Pickford
34%
Greece 83 Napoli Kostas Manolas
34%
Brazil 83 Tottenham Hotspur Lucas Moura
34%
Brazil 83 Shaghai SIPG Oscar
34%
Colombia 80 Galatasaray Radamel Falcao
34%
Sweden 80 Manchester United Victor Lindelof
34%
Nigeria 84 Leicester City Wilfred Ndidi
34%
England 83 Manchester United Aaron Wan-Bissaka
33%
Brazil 84 Manchester United Alex Telles
33%
Italy 82 Piemonte Calcio Gianluigi Buffon
33%
Spain 81 Athletic Bilbao Inaki Williams
33%
Germany 81 PSV Eindhoven Mario Gotze
33%
Netherlands 84 Inter Milan Stefan De Vrij
33%
Switzerland 81 Liverpool Xherdan Shaqiri
33%
France 81 Piemonte Calcio Adrien Rabiot
31%
Brazil 83 Everton Allan
31%
Croatia 82 TSG Hoffenheim Andrej Kramaric
31%
England 81 Chelsea Ben Chilwell
31%
France 82 Olympique Marseille Dimitri Payet
31%
France 81 Fiorentina Franck Ribery
31%
Belgium 83 VFL Wolfsburg Koen Casteels
31%
Serbia 80 Manchester United Nemanja Matic
31%
Italy 80 Inter Milan Nicolo Barella
31%
Brazil 82 FC Barcelona Norberto Neto
31%
Portugal 84 Wolves Rui Patricio
31%
France 82 Fulham Alphonse Areola
30%
Spain 82 Piemonte Calcio Alvaro Morata
30%
Turkey 80 Leicester City Caglar Soyuncu
30%
Brazil 80 Arsenal David Luiz
30%
Israel 81 PSV Eindhoven Eran Zahavi
30%
Uruguay 82 Galatasaray Fernando Muslera
30%
Spain 81 Manchester City Ferran Torres
30%
Mexico 80 Napoli Hirving Lozano
30%
Mexico 84 FC Porto Jesus Corona
30%
Portugal 81 Atletico Madrid Joao Felix
30%
Germany 83 Eintracht Frankfurt Kevin Trapp
30%
Spain 82 Atletico Madrid Marcos Llorente
30%
France 82 LOSC Lille Mike Maignan
30%
Spain 80 Real Madrid Nacho Fernandez
30%
Spain 80 Roma FC Pedro
30%
Portugal 83 SL Benfica Rafa
30%
France 83 Olympique Marseille Steve Mandanda
30%
Belgium 81 Borussia Dortmund Thomas Meunier
30%
France 81 Tigres UANL Andre-Pierre Gignac
28%
DR Congo 80 Beijing Guoan Cedric Bakambu
28%
Denmark 80 Valencia CF Daniel Wass
28%
England 80 Southampton Danny Ings
28%
Serbia 83 Eintracht Frankfurt Filip Kostic
28%
Argentina 81 River Plate Ignacio Fernandez
28%
England 80 Liverpool James Milner
28%
Spain 82 Real Madrid Marco Asensio
28%
Austria 82 Shanghai SIPG Marko Arnautovic
28%
Netherlands 81 Atalanta Marten De Roon
28%
France 81 Bayer Leverkusen Moussa Diaby
28%
Poland 80 Napoli Piotr Zielinski
28%
Germany 82 Atalanta Robin Gosens
28%
Spain 82 Leeds United Rodrigo
28%
Ivory Coast 80 Tottenham Hotspur Serge Aurier
28%
Italy 80 Torino Andrea Belotti
26%
Portugal 83 Olympique Lyon Anthony Lopes
26%
Netherlands 80 FC Groningen Arjen Robben
26%
Chile 83 Bayer Leverkusen Charles Aranguiz
26%
Netherlands 82 Ajax Daley Blind
26%
Brazil 83 Sevilla FC Diego Carlos
26%
Bosnia-Herzegovina 83 Istanbul Basaksehir Edin Visca
26%
Argentina 80 Tottenham Hotspur Erik Lamela
26%
Argentina 82 Villarreal CF Geronimo Rulli
26%
Spain 84 RC Celta Iago Aspas
26%
Northern Ireland 80 Leicester City Jonny Evans
26%
Spain 85 Lazio Luis Alberto
26%
Australia 80 Arsenal Mathew Ryan
26%
Spain 84 Real Sociedad Mikel Oyarzabal
26%
Brazil 83 Beijing Guoan Renato Augusto
26%
Spain 81 Vissel Kobe Andres Iniesta
25%
Italy 80 Sassuolo Domenico Berardi
25%
France 82 Olympique Marseille Florian Thauvin
25%
France 81 Olympique Lyon Houssem Aouar
25%
Germany 84 Borussia Dortmund Julian Brandt
25%
Germany 81 AS Monaco Kevin Volland
25%
Poland 81 West Ham United Lukasz Fabianski
25%
Slovakia 83 Newcastle United Martin Dubravka
25%
Germany 82 Borussia Monchengladbach Matthias Ginter
25%
France 81 Ajax Sebastien Haller
25%
France 81 Atletico Madrid Thomas Lemar
25%
Spain 80 Athletic Bilbao Unai Simon
25%
Belgium 80 Real Sociedad Adnan Januzaj
23%
Italy 83 AC Milan Alessio Romagnoli
23%
France 80 RB Leipzig Christopher Nkunku
23%
Czech Republic 82 Werder Bremen Jiri Pavlenka
23%
Brazil 84 Lazio Lucas Leiva
23%
Spain 81 Chelsea Marcos Alonso
23%
Portugal 80 Orlando City Nani
23%
Portugal 83 Wolves Nelson Semedo
23%
Greece 81 SL Benfica Odysseas Vlachodimos
23%
Brazil 81 Atletico Madrid Renan Lodi
23%
Italy 84 Torino Salvatore Sirigu
23%
Czech Republic 82 Sevilla FC Tomas Vaclik
23%
Mexico 83 LAFC Carlos Vela
21%
Brazil 81 SL Benfica Everton
21%
Spain 82 Napoli Fabian Ruiz
21%
Brazil 80 Shanghai SIPG Hulk
21%
England 80 Burnley James Tarkowski
21%
Spain 83 Valencia CF Jose Gaya
21%
Germany 80 PSG Julian Draxler
21%
Serbia 80 Eintracht Frankfurt Luka Jovic
21%
Spain 83 Roma FC Pau Lopez
21%
Switzerland 84 Borussia Dortmund Roman Burki
21%
Spain 84 Atletico Madrid Saul Niguez
21%
Spain 83 FC Barcelona Sergi Roberto
21%
Croatia 80 Atletico Madrid Sime Vrsaljko
21%
Belgium 81 Club Brugge Simon Mignolet
21%
Netherlands 83 Tottenham Hotspur Steven Bergwijn
21%
France 80 Tottenham Hotspur Tanguy Ndombele
21%
Netherlands 81 VFL Wolfsburg Wout Weghorst
21%
Spain 84 SL Benfica Alejandro Grimaldo
20%
Brazil 80 Ajax David Neres
20%
Croatia 80 Dinamo Zagreb Dominik Livakovic
20%
Italy 83 Lazio Francesco Acerbi
20%
Brazil 82 Valencia CF Gabriel Paulista
20%
Netherlands 81 Valencia CF Jasper Cillessen
20%
Spain 82 Chelsea Kepa Arrizabalaga
20%
France 80 Chelsea Kurt Zouma
20%
Germany 80 RB Leipzig Lukas Klostermann
20%
France 80 Borussia Monchengladbach Marcus Thuram
20%
Slovakia 81 IFK Goteborg Marek Hamsik
20%
Republic of Ireland 81 Tottenham Hotspur Matt Doherty
20%
France 81 PSG Presnel Kimpembe
20%
Togo 82 Getafe CF Dakonam Djene
18%
Argentina 80 River Plate Enzo Perez
18%
Brazil 81 FC Porto Felipe Anderson
18%
Portugal 81 Valencia CF Goncalo Guedes
18%
Spain 83 Athletic Bilbao Iker Muniain
18%
Spain 83 PSG Juan Bernat
18%
Slovenia 81 RB Leipzig Kevin Kampl
18%
Spain 80 Real Madrid Lucas Vazquez
18%
Poland 80 Borussia Dortmund Lukasz Piszczek
18%
Germany 82 RB Leipzig Marcel Halstenberg
18%
Italy 82 Genoa Mattia Perin
18%
Spain 81 PSG Pablo Sarabia
18%
Spain 82 Tottenham Hotspur Sergio Reguilon
18%
Austria 80 Borussia Monchengladbach Stefan Lainer
18%
France 80 Borussia Monchengladbach Alassane Plea
16%
France 80 Newcastle United Allan Saint-Maximin
16%
Switzerland 83 Borussia Monchengladbach Denis Zakaria
16%
Austria 80 Eintracht Frankfurt Martin Hinteregger
16%
Spain 80 Real Sociedad Mikel Merino
16%
Brazil 80 FC Porto Otavio
16%
France 81 Saint-Etienne Stephane Ruffier
16%
Argentina 82 FC Porto Agustin Marchesin
15%
Serbia 82 Inter Milan Aleksandar Kolarov
15%
Italy 81 PSG Alessandro Florenzi
15%
Brazil 82 Guangzhou Evergrande Anderson Talisca
15%
Italy 80 Sampdoria Fabio Quagliarella
15%
France 80 Villarreal CF Francis Coquelin
15%
Russia 80 CSKA Moscow Igor Akinfeev
15%
Spain 84 Fiorentina Jose Callejon
15%
Slovenia 84 Atalanta Josip Ilicic
15%
Argentina 80 Udinese Juan Musso
15%
Ukraine 81 Shakhtar Donetsk Marlos
15%
Uruguay 80 Inter Milan Matias Vecino
15%
Croatia 80 CSKA Moscow Nikola Vlasic
15%
France 80 RB Leipzig Nordi Mukiele
15%
Portugal 84 SL Benfica Pizzi
15%
Netherlands 82 Spartak Moscow Quincy Promes
15%
Colombia 81 Bayer Leverkusen Santiago Arias
15%
Brazil 81 Shakhtar Donetsk Taison
15%
Argentina 81 OGC Nice Walter Benitez
15%
Portugal 80 Real Betis William Carvalho
15%
France 80 Wolves Willy Boly
15%
Spain 80 RB Leipzig Angelino
13%
Brazil 84 Piemonte Calcio Arthur Melo
13%
Spain 80 Arsenal Dani Ceballos
13%
Italy 80 Cagliari Daniele Rugani
13%
Argentina 80 River Plate Franco Armani
13%
Poland 80 Lokomotiv Moscow Grzegorz Krychowiak
13%
Uruguay 81 Atletico Madrid Lucas Torreira
13%
Germany 82 TSG Hoffenheim Oliver Baumann
13%
Czech Republic 80 TSG Hoffenheim Pavel Kaderabek
13%
Germany 81 Hertha BSC Sami Khedira
13%
Brazil 80 Wolves Willian Jose
13%
Spain 80 Real Sociedad Alex Remiro
11%
Italy 81 Sassuolo Andrea Consigli
11%
France 80 Al-Hilal Bafetimbi Gomis
11%
France 80 LOSC Lille Benjamin Andre
11%
Spain 80 Arsenal Hector Bellerin
11%
Portugal 80 Sporting CP Joao Mario
11%
Germany 82 Bayer Leverkusen Lars Bender
11%
Brazil 80 Fenerbahce Luiz Gustavo
11%
Germany 81 Union Berlin Max Kruse
11%
Spain 82 Villarreal CF Raul Albiol
11%
Spain 80 Athletic Bilbao Raul Garcia
11%
Uruguay 81 Sporting CP Sebastian Coates
11%
Germany 81 Bayer Leverkusen Sven Bender
11%
Italy 80 Piemonte Calcio Federico Bernardeschi
10%
Portugal 80 AS Monaco Gelson Martins
10%
France 80 VFL Wolfsburg Jerome Roussillon
10%
Spain 80 Real Betis Joaquin
10%
Germany 80 Bayer Leverkusen Kerem Demirbay
10%
Spain 82 Real Betis Sergio Canales
10%
France 80 Olympique Marseille Valentin Rongier
10%
Spain 83 Levante UD Aitor
8%
Argentina 81 Boca Juniors Eduardo Salvio
8%
Spain 80 Udinese Gerard Deulofeu
8%
Brazil 81 Shakhtar Donetsk Ismaily
8%
Spain 81 Wolves Jonny
8%
Germany 82 Bayer Leverkusen Karim Bellarabi
8%
Germany 80 Borussia Monchengladbach Lars Stindl
8%
Spain 80 Atletico Madrid Mario Hermoso
8%
Italy 81 Napoli Matteo Politano
8%
China 80 Hebei China Fortune Ricardo Goulart
8%
Spain 82 Villarreal CF Sergio Asenjo
8%
Netherlands 81 Feyenoord Steven Berghuis
8%
Spain 80 Crystal Palace Vicente Guaita
8%
Spain 83 Athletic Bilbao Yuri Berchiche
8%
Italy 81 Cagliari Alessio Cragno
7%
Portugal 80 SL Benfica Andre Almeida
7%
Spain 80 Sporting CP Antonio Adan
7%
Spain 80 Real Sociedad Asier Illarramendi
7%
France 80 AS Monaco Benjamin Lecomte
7%
Spain 83 Real Sociedad Cristian Portu
7%
Spain 82 D. Alaves Fernando Pacheco
7%
Brazil 80 Istanbul Basaksehir Giuliano
7%
Serbia 81 SD Eibar Marko Dmitrovic
7%
Brazil 80 Jiangsu Suning Miranda
7%
Spain 80 Real Sociedad Nacho Monreal
7%
Germany 80 Borussia Dortmund Nico Schulz
7%
Spain 81 Villarreal CF Paco Alcacer
7%
Italy 80 Al-Hilal Sebastian Giovinco
7%
Spain 80 Athletic Bilbao Yeray
7%
Serbia 80 Besiktas Adem Ljajic
5%
Spain 82 Getafe CF David Soria
5%
Argentina 81 Boca Juniors Esteban Andrada
5%
Italy 80 Fiorentina Giacomo Bonaventura
5%
Spain 81 Beijing Guoan Jonathan Viera
5%
Spain 81 Real Valladolid Jordi Masip
5%
Spain 80 Levante UD Jose Campana
5%
Italy 81 Lazio Manuel Lazzari
5%
Spain 81 Getafe CF Marc Cucurella
5%
Spain 80 Sevilla FC Sergio Escudero
5%
Spain 81 Sevilla FC Suso
5%
Spain 81 Athletic Bilbao Ander Capa
3%
Spain 81 FC Porto Ivan Marcano
3%
Spain 80 Real Betis Marc Bartra
3%
Uruguay 80 Getafe CF Mauro Arambarri
3%
Cameroon 80 Torino Nicolas Nkoulou
3%
Spain 80 Villarreal CF Ruben Pena
3%
Ukraine 80 Dynamo Kyiv Viktor Tsygankov
3%
Spain 80 Villarreal CF Mario Gaspar
0%
No matching quizzes found
Score Distribution
Percent of People with Each Score
Percentile by Number Answered
Your Score History
You have not taken this quiz